| 000 | 00000nas 2200000za 4500 |
| 001 | 9.836155 |
| 003 | CaOODSP |
| 005 | 20221107150831 |
| 007 | cr ||||||||||| |
| 008 | 170503d19851997oncar p o f0###a0fre|d |
| 040 | |aCaOODSP|bfre |
| 041 | |aeng|afre |
| 043 | |an-cn--- |
| 086 | 1 |aR31-3-pdf |
| 245 | 00|aIndian register, population by sex and residence for registry groups, responsibility centres, regions and Canada, December 31, ... |h[ressource électronique] / |cLands, Revenues and Trusts (Operations), Indian and Inuit Affairs Program, Department of Indian Affairs and Northern Development = Population du registre des Indiens selon le sexe et la résidence (groupes d'enregistrement, centres des responsabilité, régions et Canada), le 31 décembre ... / Terres, revenus fidéicommis (Opérations), Programme des affairs indiennes et inuit, Ministère des affaires indiennes et du Nord canadien. |
| 246 | 10|aPopulation du registre des Indiens selon le sexe et la résidence |
| 246 | 31|aPopulation du registre des Indiens selon le sexe et la résidence (groupes d'enregistrement, centres de responsabilité, régions et Canada), le 31 décembre ... |
| 260 | |aOttawa : |bLands, Revenues and Trusts (Operations), Dept. of Indian Affairs and Northern Development = Terres, revenus et fidéicommis (Opérations), Ministère des affaires indiennes et du Nord canadien, |c1986-1998. |
| 310 | |aAnnuel. |
| 362 | 0 |a1985-1997. |
| 500 | |aCertains livrs. comportent le titre : Population du registre des Indiens selon le sexe et la résidence. |
| 500 | |aÉdition numérisée de l’imprimé par Affaires autochtones et du Nord Canada |
| 546 | |aTexte en anglais et en français. |
| 550 | |aPubl. 1988-1989 par Effectifs, revenus et administration des bandes; 1990-1997 par Direction générale de l'inscription, des revenus et de l'administration des bandes |
| 692 | 07|2gccst|aStatistiques démographiques |
| 692 | 07|2gccst|aIndiens |
| 710 | 1 |aCanada.|bAffaires indiennes et du Nord Canada.|bEffectifs, revenus et administration des bandes. |
| 710 | 1 |aCanada. |bDirection générale de l'inscription, des revenus et de l'administration des bandes. |
| 710 | 1 |aCanada. |bDirection générale des opérations des terres, revenus et fiducie. |
| 780 | 00|tRegistered Indian population by sex and residence for bands, responsibility centres, regions and Canada, December 31 ... |w(CaOODSP)9.836164 |
| 785 | 00|tRegistered Indian population by sex and residence |w(CaOODSP)9.500646 |
| 791 | |tIndian register, population by sex and residence for registry groups, responsibility centres, regions and Canada, December 31, ... |eeng|w(CaOODSP)9.836148 |